[Event "Pula op 35th"]
[Site "Pula"]
[Date "2023.06.18"]
[Round "2"]
[White "Cabanas Jimenez, Manuel"]
[Black "Cuenca Jimenez, Jose Fernando"]
[Result "0-1"]
[WhiteElo "2104"]
[BlackElo "2538"]
[PlyCount "30"]
[EventDate "2023.06.17"]
[EventType "swiss"]
[EventRounds "9"]
[EventCountry "CRO"]
[SourceTitle "CBM 214 Extra"]
[Source "ChessBase"]
[SourceDate "2023.07.31"]
[SourceVersion "1"]
[SourceVersionDate "2023.07.31"]
[SourceQuality "1"]

1. e4 e5 2. Nf3 Nc6 3. c3 d5 4. Qa4 f6 5. exd5 Qxd5 6. Bb5 Bd7 7. d4 a6 8. c4 Qe4+ 9. Be3 Rd8 10. Bxc6 Bxc6 11. Nc3 Qxf3 12. gxf3 Bxa4 13. Nxa4 exd4 14. Bf4 b5 15. Bxc7 Rc8 0-1

[Event "Mediterranean-ch 11th"]
[Site "Petrovac"]
[Date "2021.06.21"]
[Round "4"]
[White "Sabotic, Denis"]
[Black "Cabanas Jimenez, Manuel"]
[Result "0-1"]
[WhiteElo "1710"]
[BlackElo "2150"]
[PlyCount "78"]
[EventDate "2021.06.19"]
[EventType "swiss"]
[EventRounds "9"]
[EventCountry "MNE"]
[SourceTitle "CBM 203 Extra"]
[Source "ChessBase"]
[SourceDate "2021.09.30"]
[SourceVersion "1"]
[SourceVersionDate "2021.09.30"]
[SourceQuality "1"]

1. a3 d5 2. Nc3 Nf6 3. d4 g6 4. Nf3 Bg7 5. Bg5 Ne4 6. e3 c5 7. h3 Qa5 8. Bb5+ Nc6 9. Bxc6+ bxc6 10. 0-0 Nxc3 11. Qd2 Ne2+ 12. Qxe2 Ba6 13. Qe1 Qc7 14. Bf4 Qb7 15. Qc3 Bxf1 16. Rxf1 cxd4 17. exd4 0-0 18. Re1 Rfe8 19. Be5 Rac8 20. Bxg7 Kxg7 21. b4 f6 22. g4 Qd7 23. Qe3 a5 24. c3 axb4 25. cxb4 Ra8 26. Ra1 Reb8 27. Qc1 h5 28. Nh2 hxg4 29. Nxg4 Rh8 30. Kg2 Rh5 31. Qe3 Rah8 32. Rh1 Kf7 33. f4 Qf5 34. Nf2 g5 35. Re1 e6 36. fxg5 Rxg5+ 37. Ng4 Rh4 38. Qf3 Rgxg4+ 39. hxg4 Rxg4+ 0-1

[Event "Alicante Easter op 5th"]
[Site "Alicante"]
[Date "2021.04.02"]
[Round "4"]
[White "Vilanova Corbi, Jorge"]
[Black "Cabanas Jimenez, Manuel"]
[Result "1-0"]
[WhiteElo "2200"]
[BlackElo "2137"]
[PlyCount "71"]
[EventDate "2021.03.31"]
[EventType "swiss"]
[EventRounds "9"]
[EventCountry "ESP"]
[SourceTitle "CBM 201 Extra"]
[Source "ChessBase"]
[SourceDate "2021.05.31"]
[SourceVersion "1"]
[SourceVersionDate "2021.05.31"]
[SourceQuality "1"]

1. Nf3 Nf6 2. c4 g6 3. Nc3 d5 4. cxd5 Nxd5 5. h4 Bg7 6. e4 Nxc3 7. dxc3 Qxd1+ 8. Kxd1 Nc6 9. h5 Bg4 10. h6 Bf6 11. Kc2 e5 12. Be3 Nd8 13. Nd2 Be6 14. g3 Be7 15. Bb5+ c6 16. Bd3 f6 17. f4 Bd6 18. Raf1 b6 19. f5 gxf5 20. exf5 Bd5 21. Rh4 Rg8 22. c4 Bf7 23. Ne4 Be7 24. g4 Nb7 25. g5 fxg5 26. Rg4 0-0-0 27. f6 Bf8 28. Rxg5 Rh8 29. Rxe5 Bg6 30. Nf2 Bd6 31. Rg5 Bxd3+ 32. Nxd3 Rhe8 33. Rf3 Bf8 34. Re5 Nd6 35. f7 Rxe5 36. Nxe5 1-0

[Event "Portoroz op 12th"]
[Site "Portoroz"]
[Date "2018.07.21"]
[Round "9"]
[White "Cabanas Jimenez, Manuel"]
[Black "Fercec, Nenad"]
[Result "0-1"]
[WhiteElo "2102"]
[BlackElo "2436"]
[PlyCount "20"]
[EventDate "2018.07.14"]
[EventType "swiss"]
[EventRounds "9"]
[EventCountry "SVK"]
[SourceTitle "EXT 2019"]
[Source "ChessBase"]
[SourceDate "2018.10.10"]
[SourceVersion "1"]
[SourceVersionDate "2018.10.10"]
[SourceQuality "1"]

1. e4 e5 2. f4 d5 3. exd5 exf4 4. Nf3 Nf6 5. d4 Nxd5 6. Bb5+ c6 7. Qe2+ Be7 8. Bc4 0-0 9. 0-0 Bd6 10. Bxd5 cxd5 0-1

[Event "Portoroz op 12th"]
[Site "Portoroz"]
[Date "2018.07.18"]
[Round "6"]
[White "Cabanas Jimenez, Manuel"]
[Black "Narland, Tallak"]
[Result "1-0"]
[WhiteElo "2102"]
[BlackElo "2147"]
[PlyCount "152"]
[EventDate "2018.07.14"]
[EventType "swiss"]
[EventRounds "9"]
[EventCountry "SVK"]
[SourceTitle "EXT 2019"]
[Source "ChessBase"]
[SourceDate "2018.10.10"]
[SourceVersion "1"]
[SourceVersionDate "2018.10.10"]
[SourceQuality "1"]

1. e4 e6 2. d4 d5 3. Nc3 Bb4 4. Bd2 dxe4 5. Qg4 Nf6 6. Qxg7 Rg8 7. Qh6 Qxd4 8. 0-0-0 Rg6 9. Qh4 Rg4 10. Qh3 Qxf2 11. Be2 Rh4 12. Qxh4 Qxh4 13. g3 Qg4 14. Bxg4 Nxg4 15. Nxe4 Bxd2+ 16. Rxd2 b6 17. Nh3 Bb7 18. Re1 Nd7 19. Nf4 Ke7 20. Ng5 Nge5 21. Rde2 h6 22. Ngxe6 fxe6 23. Rxe5 Nxe5 24. Rxe5 Bc8 25. Rh5 Bd7 26. Rxh6 Rg8 27. Kd2 Rg5 28. Rh7+ Kd6 29. Rh5 Rg7 30. Ke3 Be8 31. Rh6 Bf7 32. Nd3 Rg5 33. Rh7 Be8 34. Rh8 Ke7 35. Rh7+ Kd6 36. Rh6 a5 37. Rf6 c5 38. Rf4 b5 39. Nf2 Re5+ 40. Re4 Rh5 41. Rh4 Rxh4 42. gxh4 Bg6 43. c3 e5 44. Ne4+ Kd5 45. Ng3 Bb1 46. a3 Bh7 47. Nf1 Bg6 48. Nd2 a4 49. h3 Bf5 50. h5 Bxh3 51. c4+ bxc4 52. Ne4 Bf5 53. Nc3+ Kc6 54. Nxa4 Bh7 55. h6 Kb5 56. Nc3+ Kc6 57. Ne4 Bg6 58. Nf6 Kb5 59. Ng4 e4 60. Kd2 Bh7 61. Kc3 Bg6 62. Ne5 Bh7 63. Nxc4 Bg6 64. Ne5 Bf5 65. b3 Bh7 66. Ng4 Bf5 67. Ne5 Bh7 68. Kd2 Kb6 69. Nd7+ Kb5 70. Nf6 Bg6 71. h7 Bxh7 72. Nxh7 Ka5 73. Kc3 e3 74. Ng5 e2 75. Nf3 Kb5 76. Ne1 Ka5 1-0

[Event "Portoroz op 12th"]
[Site "Portoroz"]
[Date "2018.07.15"]
[Round "2"]
[White "Cabanas Jimenez, Manuel"]
[Black "Sebenik, Matej"]
[Result "0-1"]
[WhiteElo "2102"]
[BlackElo "2562"]
[PlyCount "54"]
[EventDate "2018.07.14"]
[EventType "swiss"]
[EventRounds "9"]
[EventCountry "SVK"]
[SourceTitle "EXT 2019"]
[Source "ChessBase"]
[SourceDate "2018.10.10"]
[SourceVersion "1"]
[SourceVersionDate "2018.10.10"]
[SourceQuality "1"]

1. e4 c5 2. Nf3 g6 3. d4 cxd4 4. Nxd4 Nc6 5. Nc3 Bg7 6. Be3 Nf6 7. Nxc6 bxc6 8. e5 Ng8 9. Bd4 Qa5 10. f4 Rb8 11. Qd2 Rxb2 12. Ne4 Qxd2+ 13. Kxd2 Rb8 14. Bd3 d6 15. Rab1 Ra8 16. Rhe1 dxe5 17. fxe5 Nh6 18. Nf6+ Kd8 19. Ne4 Ng4 20. Nc5 Nxh2 21. Bc3 Ng4 22. Rb4 h5 23. Rd4+ Ke8 24. Ba5 Bf5 25. Na6 Kf8 26. Nc7 Rc8 27. Ba6 Rb8 0-1

[Event "IRL-chT"]
[Site "Dublin"]
[Date "2016.04.23"]
[Round "1"]
[White "Cabanas Jimenez, Manuel"]
[Black "Kildea, Robbie"]
[Result "1-0"]
[WhiteElo "1542"]
[BlackElo "2125"]
[PlyCount "34"]
[EventDate "2016.04.23"]
[EventType "team-swiss"]
[EventRounds "4"]
[EventCountry "IRL"]
[SourceTitle "EXT 2023"]
[Source "ChessBase"]
[SourceDate "2022.10.05"]
[SourceVersion "1"]
[SourceVersionDate "2022.10.05"]
[SourceQuality "1"]

1. e4 g6 2. d4 Bg7 3. c3 d5 4. exd5 Qxd5 5. Qf3 Nf6 6. Qxd5 Nxd5 7. Bc4 Nb6 8. Bb3 0-0 9. Nf3 Bf5 10. Bf4 e6 11. 0-0 N8d7 12. Re1 Rfe8 13. Bg5 Nd5 14. Bxd5 exd5 15. Na3 a6 16. Rad1 f6 17. Bh4 Be6 1-0

[Event "Bunratty Masters op 23rd"]
[Site "Bunratty"]
[Date "2016.02.21"]
[Round "6"]
[White "Schockenbaeumer, Dirk"]
[Black "Cabanas Jimenez, Manuel"]
[Result "1/2-1/2"]
[WhiteElo "2155"]
[BlackElo "2070"]
[PlyCount "28"]
[EventDate "2016.02.19"]
[EventType "swiss"]
[EventRounds "6"]
[EventCountry "IRL"]
[SourceTitle "EXT 2017"]
[Source "ChessBase"]
[SourceDate "2016.10.25"]
[SourceVersion "1"]
[SourceVersionDate "2016.10.25"]
[SourceQuality "1"]

1. Nf3 Nf6 2. c4 g6 3. Nc3 d5 4. cxd5 Nxd5 5. e4 Nxc3 6. bxc3 Bg7 7. d4 c5 8. Be3 Nc6 9. Qd2 Qa5 10. Rc1 cxd4 11. cxd4 Qxd2+ 12. Kxd2 0-0 13. Bb5 Rd8 14. d5 e6 1/2-1/2

[Event "Madrid Oliver Gonzalez Memorial 2nd"]
[Site "Madrid"]
[Date "2011.10.11"]
[Round "4"]
[White "Pogorelov, Ruslan"]
[Black "Cabanas Jimenez, Manuel"]
[Result "1-0"]
[WhiteElo "2401"]
[BlackElo "2102"]
[PlyCount "235"]
[EventDate "2011.10.08"]
[EventType "swiss"]
[EventRounds "9"]
[EventCountry "ESP"]
[SourceTitle "CBM 144 Extra"]
[Source "ChessBase"]
[SourceDate "2011.10.28"]
[SourceVersion "1"]
[SourceVersionDate "2011.10.28"]
[SourceQuality "1"]

1. Nf3 Nf6 2. c4 g6 3. Nc3 d5 4. cxd5 Nxd5 5. Qa4+ Nc6 6. Ne5 Ndb4 7. a3 Nc2+ 8. Qxc2 Nxe5 9. d4 Nd7 10. e4 Bg7 11. Be3 0-0 12. Be2 c6 13. h4 e5 14. d5 f5 15. dxc6 bxc6 16. h5 f4 17. hxg6 h6 18. Bd2 Rf6 19. Bc4+ Kh8 20. g3 Qf8 21. Bf7 Nc5 22. Na4 Ne6 23. Bc3 fxg3 24. fxg3 Ng5 25. 0-0-0 Nxf7 26. gxf7 Rxf7 27. Bb4 Qe8 28. Rd6 Bg4 29. Kb1 Rc8 30. Qd2 h5 31. Nc5 Bf8 32. Rg6 Rf1+ 33. Rxf1 Qxg6 34. Qe3 Bh6 35. Qc3 Re8 36. Ka1 Bf8 37. Nd3 Bg7 38. Re1 Kh7 39. Nf2 Bd7 40. Bc5 a6 41. Rd1 Qf7 42. Qd3 Bc8 43. Qe2 Kg6 44. Rh1 Rh8 45. Qd3 Bf6 46. Be3 Qd7 47. Qc3 Qe6 48. Rd1 Rd8 49. Rc1 Bb7 50. Nd3 Ba8 51. Nc5 Qg4 52. Nxa6 Qxe4 53. Nc5 Qf3 54. Qc2+ Qf5 55. Qe2 Qg4 56. Qf2 Qf5 57. Qg2 Rd5 58. Rf1 Qg4 59. Qc2+ Kg7 60. Ka2 Be7 61. Qf2 Qg6 62. Ka1 Kg8 63. Qg1 Kg7 64. Qf2 Kg8 65. Ne4 Rd8 66. Qc2 Rf8 67. Qc4+ Kh8 68. Rxf8+ Bxf8 69. Ng5 c5 70. Nf7+ Kh7 71. Nxe5 Qf5 72. Bf4 Bd6 73. Qd3 Qxd3 74. Nxd3 Bf8 75. Be3 c4 76. Ne5 Bd5 77. Kb1 Bd6 78. Bf4 Bc5 79. Kc2 Bd4 80. a4 Kg7 81. a5 Kf6 82. Nd7+ Ke7 83. Nb6 Be4+ 84. Kc1 c3 85. bxc3 Bxc3 86. a6 Bd4 87. Nc4 Bd3 88. Ne5 Bxa6 89. Nc6+ Kf7 90. Nxd4 Kg6 91. Kd2 Bc8 92. Kc3 Ba6 93. Kb4 Kf6 94. Kc5 Bf1 95. Nc2 Ke6 96. Ne3 Bd3 97. Kd4 Ba6 98. Bg5 Bb7 99. Nc4 Kf5 100. Bh4 Ba8 101. Nd6+ Ke6 102. Ne4 Kf5 103. Nf6 Bf3 104. Ke3 Bd1 105. Nd5 Bb3 106. Kd4 Ba4 107. Ne3+ Kg6 108. Ke5 Bd7 109. Nd5 Bg4 110. Ne7+ Kf7 111. Kf4 Bd1 112. Nc6 Kg6 113. Ne5+ Kh6 114. Be7 Kg7 115. Kg5 Be2 116. Bf6+ Kh7 117. Ng6 Bd1 118. Nf4 1-0

[Event "Madrid Oliver Gonzalez Memorial 2nd"]
[Site "Madrid"]
[Date "2011.10.09"]
[Round "3"]
[White "Cabanas Jimenez, Manuel"]
[Black "Ortega Morales, Pedro"]
[Result "1-0"]
[WhiteElo "2102"]
[BlackElo "1861"]
[PlyCount "47"]
[EventDate "2011.10.08"]
[EventType "swiss"]
[EventRounds "9"]
[EventCountry "ESP"]
[SourceTitle "CBM 144 Extra"]
[Source "ChessBase"]
[SourceDate "2011.10.28"]
[SourceVersion "1"]
[SourceVersionDate "2011.10.28"]
[SourceQuality "1"]

1. e4 e5 2. f4 exf4 3. Nf3 g5 4. Bc4 Bg7 5. 0-0 Nc6 6. c3 d6 7. d4 h6 8. g3 Bh3 9. Rf2 fxg3 10. Bxf7+ Kxf7 11. Ne5+ Ke6 12. d5+ Kxe5 13. hxg3 Nf6 14. Be3 Bg4 15. Qd3 Nxe4 16. Bd4+ Kxd5 17. Bxg7+ Kc5 18. Na3 d5 19. b4+ Kd6 20. Rf7 Ke6 21. Raf1 Ne5 22. Bxe5 Kxe5 23. Qd4+ Ke6 24. Nc4 1-0

[Event "Madrid Oliver Gonzalez Memorial 1st"]
[Site "Madrid"]
[Date "2010.10.16"]
[Round "8"]
[White "Cabanas Jimenez, Manuel"]
[Black "Penaranda Grilo, Juan Carlos"]
[Result "0-1"]
[WhiteElo "2141"]
[BlackElo "1920"]
[PlyCount "62"]
[EventDate "2010.10.09"]
[EventType "swiss"]
[EventRounds "9"]
[EventCountry "ESP"]
[SourceTitle "CBM 138 Extra"]
[Source "ChessBase"]
[SourceDate "2010.10.29"]
[SourceVersion "1"]
[SourceVersionDate "2010.10.29"]
[SourceQuality "1"]

1. e4 c6 2. d4 d5 3. f3 e6 4. Bf4 Bd6 5. Bxd6 Qxd6 6. a3 dxe4 7. fxe4 Qf4 8. Nd2 Nf6 9. Qf3 Qxf3 10. Ngxf3 b6 11. e5 Nd5 12. Ne4 Ba6 13. Bxa6 Nxa6 14. 0-0 0-0 15. Nd6 Ne3 16. Rf2 Nf5 17. Nxf5 exf5 18. Nd2 g6 19. Nc4 Rad8 20. Rd2 Rfe8 21. Kf2 Nc7 22. Re1 Nd5 23. Nd6 Re7 24. c4 Nc7 25. Red1 Re6 26. Kf3 Ne8 27. Nxe8 Rdxe8 28. Kf4 f6 29. exf6 Re4+ 30. Kf3 g5 31. b3 Rf4+ 0-1

[Event "Madrid Oliver Gonzalez Memorial 1st"]
[Site "Madrid"]
[Date "2010.10.11"]
[Round "3"]
[White "Rasskin Friederichs, Ivan"]
[Black "Cabanas Jimenez, Manuel"]
[Result "1-0"]
[WhiteElo "1905"]
[BlackElo "2141"]
[PlyCount "133"]
[EventDate "2010.10.09"]
[EventType "swiss"]
[EventRounds "9"]
[EventCountry "ESP"]
[SourceTitle "CBM 138 Extra"]
[Source "ChessBase"]
[SourceDate "2010.10.29"]
[SourceVersion "1"]
[SourceVersionDate "2010.10.29"]
[SourceQuality "1"]

1. d3 d5 2. Nd2 c5 3. e4 Nc6 4. Ngf3 Bg4 5. h3 Bh5 6. g4 Bg6 7. Bg2 e6 8. 0-0 Nf6 9. Re1 dxe4 10. Nh4 exd3 11. Nxg6 hxg6 12. cxd3 Qxd3 13. Qa4 Qd7 14. Nc4 Rc8 15. Bf4 Nd5 16. Rad1 Nd4 17. Qxd7+ Kxd7 18. Bxd5 exd5 19. Ne5+ Ke6 20. Nxg6+ Kd7 21. Nxh8 Nf3+ 22. Kf1 Nxe1 23. Rxe1 f6 24. Ng6 b5 25. Nxf8+ Rxf8 26. Rc1 Rc8 27. Be3 c4 28. a3 a5 29. Bd2 Ra8 30. Bc3 Kd6 31. f3 Kc5 32. Bxa5 d4 33. Bb4+ Kd5 34. Re1 Rc8 35. Rd1 Ke5 36. Kf2 g5 37. Ba5 Rc6 38. Rc1 Kd5 39. Kg3 Re6 40. Re1 Rc6 41. h4 gxh4+ 42. Kxh4 c3 43. bxc3 dxc3 44. Rc1 c2 45. Bd2 Kd4 46. Re1 Rc3 47. Bxc3+ Kxc3 48. f4 Kd2 49. Rf1 c1Q 50. Rxc1 Kxc1 51. g5 fxg5+ 52. fxg5 Kb2 53. g6 Kxa3 54. g7 b4 55. g8Q b3 56. Qf8+ Ka2 57. Qf7 Ka3 58. Qa7+ Kb2 59. Kg3 Kc2 60. Qa4 Kc3 61. Qa3 Kc2 62. Qc5+ Kb1 63. Kf2 b2 64. Ke2 Ka2 65. Qc2 Ka1 66. Qa4+ Kb1 67. Kd3 1-0

[Event "Mostoles Bicentenary op"]
[Site "Mostoles"]
[Date "2008.05.22"]
[Round "3"]
[White "Martinez Tormo, Jorge"]
[Black "Cabanas Jimenez, Manuel"]
[Result "1/2-1/2"]
[WhiteElo "2219"]
[BlackElo "2032"]
[PlyCount "51"]
[EventDate "2008.05.20"]
[EventType "swiss"]
[EventRounds "9"]
[EventCountry "ESP"]
[SourceTitle "CBM 124 Extra"]
[Source "ChessBase"]
[SourceDate "2008.07.03"]
[SourceVersion "1"]
[SourceVersionDate "2008.07.03"]
[SourceQuality "1"]

1. e4 c5 2. Nf3 Qa5 3. Nc3 e6 4. g3 Nc6 5. Bg2 Nf6 6. 0-0 d6 7. d4 e5 8. dxe5 dxe5 9. Nd5 Be6 10. Re1 c4 11. Bd2 Qd8 12. Bg5 Be7 13. Bxf6 Bxf6 14. Nd2 Na5 15. b4 cxb3 16. axb3 Nc6 17. Nc4 0-0 18. Nce3 Bg5 19. f4 Bh6 20. f5 Bxe3+ 21. Rxe3 Bxd5 22. exd5 Qb6 23. Qd2 Nd4 24. Be4 Rac8 25. Ra2 Rfd8 26. Rb2 1/2-1/2